[Event "IX American Continental Classical Championship 201"]
[Site "Hotel Pipa AtlÃ¢ntico - Praia da Pipa - Rio Grande"]
[Date "2014.10.22"]
[Round "7"]
[Board "8"]
[White "Quintiliano Pinto, Renato R."]
[Black "Leitao, Rafael"]
[Result "1/2-1/2"]
[WhiteElo "2378"]
[BlackElo "2636"]
[PlyCount "87"]
[EventDate "2014.10.18"]
[EventRounds "11"]
[EventCountry "BRA"]

1. d4 Nf6 2. c4 e6 3. Nf3 b6 4. a3 c5 5. d5 Ba6 6. Qc2 exd5 7. cxd5 g6 8. Nc3
Bg7 9. g3 O-O 10. Bg2 d6 11. O-O b5 12. Re1 Nbd7 13. h3 Re8 14. e4 Qc8 15. Bf1
b4 16. Nb5 Bxb5 17. Bxb5 Rb8 18. Bc4 Nb6 19. Bf1 b3 20. Qxb3 Rxe4 21. Rxe4 Nxe4
22. Bf4 f5 23. Rb1 Kh8 24. Nd2 Nxd2 25. Bxd2 Qg8 26. Bg2 Be5 27. Bc3 Qg7 28.
Re1 Re8 29. a4 Rb8 30. Rxe5 dxe5 31. f4 Nd7 32. Qxb8+ Nxb8 33. Bxe5 Nd7 34.
Bxg7+ Kxg7 35. Kf2 Kf6 36. Ke3 Ke7 37. Kd3 Kd6 38. Kc4 a6 39. a5 Nf6 40. Bf3 h6
41. h4 h5 42. Kd3 Nxd5 43. Bxd5 Kxd5 44. b3 1/2-1/2

[Event "IX American Continental Classical Championship 201"]
[Site "Hotel Pipa AtlÃ¢ntico - Praia da Pipa - Rio Grande"]
[Date "2014.10.22"]
[Round "7"]
[Board "10"]
[White "El Debs, Felipe De Cresce"]
[Black "Perez Gormaz, Matias"]
[Result "0-1"]
[WhiteElo "2514"]
[BlackElo "2327"]
[PlyCount "40"]
[EventDate "2014.10.18"]
[EventRounds "11"]
[EventCountry "BRA"]

1. d4 Nf6 2. c4 e6 3. Nc3 Bb4 4. e3 c5 5. Nge2 b6 6. a3 Ba5 7. Rb1 Na6 8. g3
Bb7 9. d5 b5 10. Bg2 bxc4 11. O-O O-O 12. e4 d6 13. Qa4 exd5 14. exd5 Bxc3 15.
bxc3 Qc8 16. Qxc4 Nc7 17. Rd1 Ba6 18. Qa2 Qg4 19. Rb2 Qa4 20. Rdd2 Bxe2 0-1

[Event "IX American Continental Classical Championship 201"]
[Site "Hotel Pipa AtlÃ¢ntico - Praia da Pipa - Rio Grande"]
[Date "2014.10.22"]
[Round "7"]
[Board "11"]
[White "Cori T., Deysi"]
[Black "Matsuura, Everaldo"]
[Result "1/2-1/2"]
[WhiteElo "2411"]
[BlackElo "2486"]
[PlyCount "57"]
[EventDate "2014.10.18"]
[EventRounds "11"]
[EventCountry "BRA"]

1. d4 Nf6 2. Nf3 g6 3. g3 Bg7 4. Bg2 O-O 5. O-O d5 6. Ne5 c6 7. Nd2 Ng4 8. Nef3
Nf6 9. Ne5 Nfd7 10. Nef3 c5 11. e4 cxd4 12. exd5 Nc5 13. Nb3 Nxb3 14. axb3 Qxd5
15. Be3 Bg4 16. Bxd4 Nc6 17. Bxg7 Qxd1 18. Rfxd1 Kxg7 19. h3 Bf5 20. Nd4 Nxd4
21. Rxd4 Bxc2 22. Rd7 Bxb3 23. Rxe7 a5 24. Rxb7 Be6 25. Rb5 Ra6 26. Raxa5 Rxa5
27. Rxa5 Rb8 28. h4 Rxb2 29. Bd5 1/2-1/2

[Event "IX American Continental Classical Championship 201"]
[Site "Hotel Pipa AtlÃ¢ntico - Praia da Pipa - Rio Grande"]
[Date "2014.10.22"]
[Round "7"]
[Board "12"]
[White "Gonzalez Acosta, Bernal"]
[Black "Valdes Escobar, Alvaro"]
[Result "1/2-1/2"]
[WhiteElo "2478"]
[BlackElo "2378"]
[PlyCount "55"]
[EventDate "2014.10.18"]
[EventRounds "11"]
[EventCountry "BRA"]

1. d4 Nf6 2. c4 e6 3. g3 Bb4+ 4. Bd2 a5 5. Bg2 d5 6. Nf3 dxc4 7. O-O Nc6 8. e3
Nd5 9. Qe2 Bxd2 10. Nfxd2 b6 11. Nxc4 Ba6 12. Rc1 O-O 13. Qd1 Qe7 14. Nbd2 Rfd8
15. Nf3 Qe8 16. Qc2 h6 17. a3 Rac8 18. Rd1 Nf6 19. Rac1 Bxc4 20. Qxc4 Nb8 21.
b4 axb4 22. axb4 c5 23. dxc5 Rxd1+ 24. Rxd1 bxc5 25. Ne5 cxb4 26. Qxb4 Nfd7 27.
Nxd7 Nxd7 28. Qb5 1/2-1/2

[Event "IX American Continental Classical Championship 201"]
[Site "Hotel Pipa AtlÃ¢ntico - Praia da Pipa - Rio Grande"]
[Date "2014.10.22"]
[Round "7"]
[Board "13"]
[White "Terry, Renato"]
[Black "Cuellar, Diego"]
[Result "1-0"]
[WhiteElo "2454"]
[BlackElo "2302"]
[PlyCount "64"]
[EventDate "2014.10.18"]
[EventRounds "11"]
[EventCountry "BRA"]

1. c4 Nf6 2. Nc3 e5 3. Nf3 Nc6 4. e3 d6 5. d4 g6 6. Be2 Bg7 7. dxe5 Nxe5 8.
Nxe5 dxe5 9. Qxd8+ Kxd8 10. b3 c6 11. Ba3 Kc7 12. O-O-O Ne8 13. Rd2 Bf8 14. Bb2
f6 15. Rhd1 Be7 16. g4 h6 17. Ne4 Rf8 18. h4 g5 19. hxg5 hxg5 20. Rh1 Be6 21.
Rh7 Rf7 22. Rh6 Bd7 23. c5 Rg7 24. Ba3 b6 25. Bb4 Bxc5 26. Nxc5 bxc5 27. Bxc5
Be6 28. f3 Kb7 29. Kb2 Rf7 30. e4 Rc8 31. Kc3 Rcc7 32. Rd1 Rc8 {resto ilegÃ­vel}
 1-0

[Event "IX American Continental Classical Championship 201"]
[Site "Hotel Pipa AtlÃ¢ntico - Praia da Pipa - Rio Grande"]
[Date "2014.10.22"]
[Round "7"]
[Board "14"]
[White "Umetsubo, Cesar Hidemitsu"]
[Black "Martinez Alcantara, Jose Eduar"]
[Result "1/2-1/2"]
[WhiteElo "2355"]
[BlackElo "2440"]
[PlyCount "80"]
[EventDate "2014.10.18"]
[EventRounds "11"]
[EventCountry "BRA"]

1. d4 Nf6 2. Nf3 g6 3. Bf4 Bg7 4. e3 O-O 5. Be2 c5 6. c3 d6 7. h3 b6 8. O-O Bb7
9. Nbd2 Nbd7 10. a4 a6 11. Bh2 Ra7 12. Re1 Qa8 13. Bd3 Ne4 14. Nxe4 Bxe4 15.
Bxe4 Qxe4 16. Nd2 Qa8 17. Qf3 d5 18. a5 bxa5 19. Rxa5 Rc8 20. Rea1 e5 21. dxe5
Bxe5 22. Bxe5 Nxe5 23. Qf6 Nd7 24. Qd6 Qc6 25. Qxc6 Rxc6 26. c4 dxc4 27. Nxc4
Kf8 28. e4 Re6 29. f3 f5 30. exf5 gxf5 31. Kf2 Ke7 32. Ne3 Rb7 33. R1a2 Kf6 34.
f4 Rb3 35. Nd5+ Kf7 36. Rxa6 Rxa6 37. Rxa6 Rxb2+ 38. Kf3 Rb3+ 39. Kf2 Rb2+ 40.
Kf3 Rb3+ 1/2-1/2

[Event "IX American Continental Classical Championship 201"]
[Site "Hotel Pipa AtlÃ¢ntico - Praia da Pipa - Rio Grande"]
[Date "2014.10.22"]
[Round "7"]
[Board "15"]
[White "Cruz, Cristhian"]
[Black "Sztokbant, Bernardo Vainzoff"]
[Result "1/2-1/2"]
[WhiteElo "2557"]
[BlackElo "2271"]
[PlyCount "69"]
[EventDate "2014.10.18"]
[EventRounds "11"]
[EventCountry "BRA"]

1. c4 e6 2. Nf3 d5 3. e3 Nf6 4. d4 Be7 5. Be2 O-O 6. O-O b6 7. b3 Bb7 8. Bb2
Nbd7 9. Nbd2 c5 10. Rc1 Rc8 11. Rc2 Ne4 12. Qa1 cxd4 13. Nxd4 a6 14. Rd1 Nd6
15. cxd5 exd5 16. Rdc1 Rxc2 17. Rxc2 Bf6 18. N2f3 Nc5 19. Qc1 Qa8 20. Ba3 Nce4
21. g4 Rc8 22. Bd3 Rxc2 23. Qxc2 Qc8 24. h3 Qxc2 25. Bxc2 Nc5 26. Ne2 Nb5 27.
Bc1 Ne4 28. a4 Nc7 29. Nfd4 Ne6 30. f3 Nxd4 31. Nxd4 Nc5 32. Kf2 Ne6 33. Ne2
Kf8 34. f4 h6 35. Ba3+ 1/2-1/2

[Event "IX American Continental Classical Championship 201"]
[Site "Hotel Pipa AtlÃ¢ntico - Praia da Pipa - Rio Grande"]
[Date "2014.10.22"]
[Round "7"]
[Board "17"]
[White "Feliciano Ebert, Vanessa"]
[Black "Henriquez Villagra, Cristobal"]
[Result "1/2-1/2"]
[WhiteElo "2252"]
[BlackElo "2470"]
[PlyCount "87"]
[EventDate "2014.10.18"]
[EventRounds "11"]
[EventCountry "BRA"]

1. e4 c5 2. Nf3 e6 3. d4 cxd4 4. Nxd4 a6 5. Bd3 Bc5 6. Nb3 Ba7 7. Qe2 Nc6 8.
Be3 d6 9. O-O Nf6 10. a4 Bxe3 11. Qxe3 b6 12. Nc3 O-O 13. Rad1 Qc7 14. Qg3 Bb7
15. f4 Kh8 16. Qh4 h6 17. g4 Na5 18. Nxa5 bxa5 19. g5 Ng8 20. f5 Qc5+ 21. Kh1
exf5 22. Qf2 g6 23. Qxc5 dxc5 24. Kg1 f4 25. Rxf4 hxg5 26. Rff1 Kg7 27. Bc4
Rae8 28. Rd7 Re7 29. Rxe7 Nxe7 30. Rd1 Bc8 31. Rd6 f5 32. Bxa6 Rf6 33. Rxf6
Kxf6 34. Be2 Ke5 35. exf5 gxf5 36. Nb1 Kf4 37. Kf2 Bd7 38. Bb5 Be6 39. Nd2 Nc8
40. Bc4 Bd7 41. Bb5 Be6 42. Bc4 Bd7 43. Bb5 Be6 44. Bc4 1/2-1/2

[Event "IX American Continental Classical Championship 201"]
[Site "Hotel Pipa AtlÃ¢ntico - Praia da Pipa - Rio Grande"]
[Date "2014.10.22"]
[Round "7"]
[Board "18"]
[White "Barbosa, Evandro Amorim"]
[Black "Aliaga Fernandez, Ingrid Y"]
[Result "1-0"]
[WhiteElo "2449"]
[BlackElo "2181"]
[PlyCount "83"]
[EventDate "2014.10.18"]
[EventRounds "11"]
[EventCountry "BRA"]

1. e4 c5 2. Nf3 d6 3. d4 cxd4 4. Nxd4 Nf6 5. Nc3 a6 6. Be3 e6 7. f3 b5 8. Qd2
Nbd7 9. g4 Nb6 10. a4 b4 11. Na2 a5 12. c3 d5 13. cxb4 dxe4 14. Bb5+ Nbd7 15.
Nc6 Qc7 16. Rc1 Qd6 17. g5 Qxd2+ 18. Bxd2 e3 19. Bxe3 Nd5 20. Bd2 axb4 21.
Naxb4 Nc7 22. Nd4 Bd6 23. Bc6 Rb8 24. Nb5 Nxb5 25. Bxb5 O-O 26. Ke2 Nb6 27. Nc6
Ra8 28. a5 Nd5 29. b4 Bd7 30. Rc4 Rfe8 31. Ba4 Nb6 32. Rd4 Nd5 33. h4 f6 34.
Rc1 Be5 35. Re4 Bd6 36. b5 fxg5 37. hxg5 Ba3 38. Rc2 Bxc6 39. Rxc6 Bb2 40. Bb3
Kh8 41. b6 h6 42. b7 1-0

[Event "IX American Continental Classical Championship 201"]
[Site "Hotel Pipa AtlÃ¢ntico - Praia da Pipa - Rio Grande"]
[Date "2014.10.22"]
[Round "7"]
[Board "19"]
[White "Krysa, Leandro"]
[Black "Jodorcovsky Werjivker, Paulo"]
[Result "1-0"]
[WhiteElo "2446"]
[BlackElo "2170"]
[PlyCount "53"]
[EventDate "2014.10.18"]
[EventRounds "11"]
[EventCountry "BRA"]

1. d4 d5 2. c4 e6 3. Nc3 c6 4. Nf3 dxc4 5. a4 Bb4 6. e3 b5 7. Bd2 a5 8. axb5
Bxc3 9. Bxc3 cxb5 10. b3 Bb7 11. bxc4 b4 12. Bb2 Nf6 13. Bd3 O-O 14. O-O Nbd7
15. Nd2 e5 16. Bc2 Qc7 17. d5 Rfe8 18. f4 Ra6 19. Ba4 Rc8 20. Bb5 Raa8 21. fxe5
Nxe5 22. Rxf6 gxf6 23. Ne4 Qe7 24. Qh5 Bxd5 25. cxd5 Rc2 26. Rf1 Nd7 27. Nxf6+
 1-0

[Event "IX American Continental Classical Championship 201"]
[Site "Hotel Pipa AtlÃ¢ntico - Praia da Pipa - Rio Grande"]
[Date "2014.10.22"]
[Round "7"]
[Board "20"]
[White "Cruz, William Ferreira Da"]
[Black "Molina, Roberto Junio Brito"]
[Result "0-1"]
[WhiteElo "2217"]
[BlackElo "2425"]
[PlyCount "118"]
[EventDate "2014.10.18"]
[EventRounds "11"]
[EventCountry "BRA"]

1. d4 d5 2. c4 c6 3. Nc3 Nf6 4. Nf3 dxc4 5. a4 Bf5 6. e3 e6 7. Bxc4 Bb4 8. O-O
O-O 9. Qe2 Bg6 10. e4 Nbd7 11. e5 Nd5 12. Nxd5 cxd5 13. Bd3 Bh5 14. Qe3 Re8 15.
Bd2 Be7 16. a5 a6 17. b4 b5 18. Rac1 Rc8 19. Be2 Nb8 20. Rxc8 Qxc8 21. Rc1 Nc6
22. Qc3 Bxf3 23. gxf3 Bxb4 24. Qxc6 Qxc6 25. Rxc6 Bxd2 26. Rxa6 Bc3 27. Bxb5
Rb8 28. f4 Bxd4 29. Rc6 g5 30. Bd3 gxf4 31. Kg2 Rb3 32. Be2 f3+ 33. Bxf3 Rb2
34. a6 Bxf2 35. Kf1 Bd4 36. Be2 Kg7 37. h4 Ra2 38. Rc7 Bxe5 39. Rb7 Bd4 40. Bh5
Rxa6 41. Bxf7 Kf6 42. Bg8 h6 43. Rf7+ Ke5 44. Re7 Bc5 45. Re8 Kf6 46. Rd8 Be7
47. Re8 Ra4 48. h5 Rh4 49. Rc8 Rxh5 50. Rc6 Re5 51. Kf2 h5 52. Kf3 Bf8 53. Rc7
Be7 54. Rc6 h4 55. Bh7 h3 56. Rc1 Bc5 57. Rh1 Rh5 58. Bd3 h2 59. Kg4 Rg5+ 0-1

[Event "IX American Continental Classical Championship 201"]
[Site "Hotel Pipa AtlÃ¢ntico - Praia da Pipa - Rio Grande"]
[Date "2014.10.22"]
[Round "7"]
[Board "21"]
[White "Tapia Fuentes, Jaime"]
[Black "Leiva, Giuseppe"]
[Result "1/2-1/2"]
[WhiteElo "2208"]
[BlackElo "2409"]
[PlyCount "99"]
[EventDate "2014.10.18"]
[EventRounds "11"]
[EventCountry "BRA"]

1. e4 c5 2. Nf3 d6 3. d4 cxd4 4. Nxd4 Nf6 5. Nc3 a6 6. Be2 e5 7. Nb3 Be7 8. Be3
Be6 9. O-O O-O 10. a4 Nbd7 11. Qd2 Qc7 12. Rfd1 Nc5 13. Nxc5 dxc5 14. a5 c4 15.
Bb6 Qc6 16. Nd5 Rae8 17. Nxe7+ Rxe7 18. f3 Rd7 19. Qc3 Rxd1+ 20. Rxd1 Nd7 21.
Be3 Qa4 22. b3 cxb3 23. cxb3 Qa3 24. Ra1 Qd6 25. b4 Nb8 26. Rd1 Qc6 27. Qxe5
Re8 28. Qb2 Qa4 29. Ra1 Qd7 30. Rd1 Qa4 31. Bd4 f6 32. Ra1 Qd7 33. b5 Rc8 34.
Rd1 Qf7 35. Bb6 Bc4 36. bxa6 Nxa6 37. Qc3 h5 38. Rd8+ Kh7 39. Rxc8 Bxe2 40. Qc2
Bb5 41. e5+ f5 42. Rd8 Qe6 43. Bd4 Bd7 44. Qb2 Qd5 45. Qb6 Qc4 46. Bc3 Bc6 47.
Qd4 Qa2 48. Qd2 Qb1+ 49. Kf2 Nc7 50. Rd6 {resto ilegÃ­vel} 1/2-1/2

[Event "IX American Continental Classical Championship 201"]
[Site "Hotel Pipa AtlÃ¢ntico - Praia da Pipa - Rio Grande"]
[Date "2014.10.22"]
[Round "7"]
[Board "22"]
[White "Ruiz C, Joshua D"]
[Black "Caceres Leal, Jaime"]
[Result "1-0"]
[WhiteElo "2396"]
[BlackElo "2157"]
[PlyCount "79"]
[EventDate "2014.10.18"]
[EventRounds "11"]
[EventCountry "BRA"]

1. e4 e6 2. d4 d5 3. Nc3 Bb4 4. e5 c5 5. a3 Bxc3+ 6. bxc3 Ne7 7. Qg4 cxd4 8.
Qxg7 Rg8 9. Qxh7 Qc7 10. Ne2 Nbc6 11. f4 dxc3 12. Qd3 d4 13. h4 Nf5 14. h5 Bd7
15. h6 O-O-O 16. h7 Rh8 17. g4 Nfe7 18. Bg2 a6 19. Kf2 Be8 20. Rb1 Ng6 21. Qc4
Na5 22. Qxc7+ Kxc7 23. Rb4 Nc6 24. Bxc6 Bxc6 25. Rh3 Nf8 26. Nxd4 Rxh7 27. Rxc3
Rh2+ 28. Kg3 Rh1 29. Be3 Rxd4 30. Bxd4 Nd7 31. f5 exf5 32. gxf5 Re1 33. Re3
Rxe3+ 34. Bxe3 Nxe5 35. Bf4 f6 36. Bxe5+ fxe5 37. Kg4 Kd6 38. Kg5 Bd5 39. f6 a5
40. Rb5 1-0

[Event "IX American Continental Classical Championship 201"]
[Site "Hotel Pipa AtlÃ¢ntico - Praia da Pipa - Rio Grande"]
[Date "2014.10.22"]
[Round "7"]
[Board "23"]
[White "Mesias Rojas, Rabindranath"]
[Black "Castro, Oscar H."]
[Result "0-1"]
[WhiteElo "2209"]
[BlackElo "2359"]
[PlyCount "36"]
[EventDate "2014.10.18"]
[EventRounds "11"]
[EventCountry "BRA"]

1. d4 f5 2. e4 fxe4 3. Nc3 Nf6 4. Bg5 Nc6 5. d5 Ne5 6. Qe2 c6 7. Bxf6 gxf6 8.
O-O-O d6 9. Qh5+ Nf7 10. Nge2 cxd5 11. Qxd5 e6 12. Qxe4 f5 13. Qa4+ Bd7 14. Qb3
Bg7 15. h4 O-O 16. Rg1 d5 17. g4 fxg4 18. Rxg4 Qe7 {resto ilegÃ­vel} 0-1

[Event "IX American Continental Classical Championship 201"]
[Site "Hotel Pipa AtlÃ¢ntico - Praia da Pipa - Rio Grande"]
[Date "2014.10.22"]
[Round "7"]
[Board "24"]
[White "Andrade, Roberto Luiz Costa"]
[Black "Macedo, Maximo Iack"]
[Result "1-0"]
[WhiteElo "2200"]
[BlackElo "2336"]
[PlyCount "51"]
[EventDate "2014.10.18"]
[EventRounds "11"]
[EventCountry "BRA"]

1. e4 c5 2. Nf3 e6 3. d4 cxd4 4. Nxd4 a6 5. Nc3 b5 6. Bd3 Qb6 7. Nb3 Qc7 8. O-O
Nf6 9. Qe2 Bb7 10. Bg5 d6 11. a4 b4 12. Bxf6 gxf6 13. Nd5 exd5 14. exd5+ Be7
15. Rfe1 Bxd5 16. Be4 Bxb3 17. Bxa8 Be6 18. Be4 h5 19. Rad1 Qc4 20. Bd3 Qc6 21.
b3 Rg8 22. Be4 Qc8 23. Qxh5 Rg5 24. Qe2 Qc5 25. Kh1 Nc6 26. f4 1-0

[Event "IX American Continental Classical Championship 201"]
[Site "Hotel Pipa AtlÃ¢ntico - Praia da Pipa - Rio Grande"]
[Date "2014.10.22"]
[Round "7"]
[Board "25"]
[White "Cavalcanti, Francisco De Assis"]
[Black "Abarca Gonzalez, Nicolas"]
[Result "0-1"]
[WhiteElo "2186"]
[BlackElo "2328"]
[PlyCount "114"]
[EventDate "2014.10.18"]
[EventRounds "11"]
[EventCountry "BRA"]

1. d4 Nf6 2. Nf3 d5 3. c4 c6 4. Qc2 g6 5. cxd5 cxd5 6. Nc3 Bg7 7. e3 O-O 8. Be2
Nc6 9. O-O b6 10. Bd2 Bb7 11. Rfc1 Ne4 12. Be1 e6 13. Qa4 a6 14. b4 b5 15. Qb3
Nd6 16. a4 Qb6 17. Nd1 Ne7 18. Nb2 Bc6 19. Nd3 Nc4 20. Nc5 Ra7 21. Bc3 Rfa8 22.
Ra2 Nf5 23. Rca1 Nfd6 24. Qc2 Qb8 25. Nd2 Nb6 26. axb5 axb5 27. Ndb3 Ndc4 28.
Bf1 Bf8 29. g3 Bd6 30. Be1 Kg7 31. Bg2 h5 32. e4 Rxa2 33. Rxa2 Rxa2 34. Qxa2
dxe4 35. Nxe4 Be7 36. Nbc5 Qa8 37. Qxa8 Nxa8 38. Nd3 Nc7 39. Nc3 Bxg2 40. Kxg2
Bf6 41. Ne2 Kf8 42. Kf3 Ke7 43. h3 Na3 44. Ndf4 Kd7 45. Ke4 Nc2 46. Bc3 Be7 47.
d5 Nxd5 48. Nxd5 exd5+ 49. Kxd5 Bxb4 50. Bxb4 Nxb4+ 51. Kc5 Nd3+ 52. Kxb5 Nxf2
53. Ng1 Ke6 54. Kc4 Ke5 55. Nf3+ Kf5 56. Kd4 Nxh3 57. Nh2 Nf2 0-1

[Event "IX American Continental Classical Championship 201"]
[Site "Hotel Pipa AtlÃ¢ntico - Praia da Pipa - Rio Grande"]
[Date "2014.10.22"]
[Round "7"]
[Board "26"]
[White "Januario, Severino Pereira"]
[Black "Acosta, Pablo Ismael"]
[Result "0-1"]
[WhiteElo "2171"]
[BlackElo "2300"]
[PlyCount "80"]
[EventDate "2014.10.18"]
[EventRounds "11"]
[EventCountry "BRA"]

1. e4 c5 2. Nf3 d6 3. d4 cxd4 4. Nxd4 Nf6 5. Nc3 a6 6. Be2 e5 7. Nb3 Be7 8. O-O
O-O 9. a4 b6 10. f4 Bb7 11. Bf3 Nbd7 12. Kh1 Rc8 13. Be3 Rc4 14. Qd3 Qc8 15.
Nd2 Rc7 16. Nb3 Qa8 17. Nd5 Nxd5 18. exd5 f5 19. Qd2 e4 20. Bd1 Bxd5 21. Nd4 g6
22. g4 fxg4 23. Bxg4 Rf6 24. Kg1 Bf8 25. b3 Bg7 26. Rad1 Bf7 27. Qg2 Qe8 28.
Rd2 Rc3 29. Qh3 Rc7 30. Ne2 Nc5 31. Bd4 h5 32. Qh4 e3 33. Rdd1 g5 34. Qe1 hxg4
35. Bxf6 Bxf6 36. fxg5 Be5 37. Qh4 Bg6 38. Qxg4 Rh7 39. h4 Qe6 40. Qg2 Be4 0-1

[Event "IX American Continental Classical Championship 201"]
[Site "Hotel Pipa AtlÃ¢ntico - Praia da Pipa - Rio Grande"]
[Date "2014.10.22"]
[Round "7"]
[Board "27"]
[White "Llorens Sepulveda, Marcelo"]
[Black "Mafra, Kaiser Luiz"]
[Result "0-1"]
[WhiteElo "2275"]
[BlackElo "2148"]
[PlyCount "90"]
[EventDate "2014.10.18"]
[EventRounds "11"]
[EventCountry "BRA"]

1. e4 c6 2. d4 d5 3. f3 g6 4. Nc3 Bg7 5. Be3 Qb6 6. Qd2 Qxb2 7. Rb1 Qa3 8. exd5
Nf6 9. dxc6 bxc6 10. Bc4 O-O 11. Nge2 Nbd7 12. O-O Nb6 13. Bb3 Ba6 14. Bh6 Qd6
15. Bxg7 Kxg7 16. Rfd1 Bxe2 17. Nxe2 c5 18. c4 cxd4 19. Nxd4 Qc5 20. Qf2 Rac8
21. Nb5 a6 22. Nc3 Qxf2+ 23. Kxf2 Nxc4 24. Na4 Na5 25. Nb6 Rc3 26. Nd5 Nxd5 27.
Bxd5 Rc2+ 28. Kg3 Rfc8 29. Rb6 Rd8 30. Rxa6 Rc5 31. Bb3 Rdc8 32. Rd7 Nxb3 33.
axb3 Rg5+ 34. Kh3 Rc2 35. g4 Rc3 36. Kg2 Re5 37. Ra2 Rxb3 38. Rf2 g5 39. Rd4
Reb5 40. Rd7 e6 41. Re2 Rc5 42. Ra2 Rc4 43. Kg3 h5 44. h3 h4+ 45. Kg2 Rb1 {
resto ilegÃ­vel} 0-1

[Event "IX American Continental Classical Championship 201"]
[Site "Hotel Pipa AtlÃ¢ntico - Praia da Pipa - Rio Grande"]
[Date "2014.10.22"]
[Round "7"]
[Board "28"]
[White "Martinez, Ayelen"]
[Black "Abdalla, Luiz Guilherme Aurell"]
[Result "0-1"]
[WhiteElo "2120"]
[BlackElo "2302"]
[PlyCount "88"]
[EventDate "2014.10.18"]
[EventRounds "11"]
[EventCountry "BRA"]

1. e4 c5 2. Nf3 e6 3. b3 Nf6 4. e5 Nd5 5. c4 Ne7 6. Nc3 Nbc6 7. Bb2 Nf5 8. g3
Be7 9. Bg2 O-O 10. O-O d6 11. exd6 Bf6 12. Rb1 Nxd6 13. d3 Nf5 14. Nd2 Bd7 15.
Nde4 Bd4 16. Re1 Qa5 17. Na4 b6 18. Qg4 Bxb2 19. Nxb2 f6 20. Na4 Rad8 21. Qd1
Ne5 22. Nac3 Bc6 23. Bf1 Nd4 24. Re3 f5 25. Ng5 Nef3+ 26. Nxf3 Nxf3+ 27. Rxf3
Bxf3 28. Qxf3 Qxc3 29. Qe3 Rf6 30. f4 Qd4 31. Re1 Kf7 32. Qxd4 Rxd4 33. h4 g6
34. a3 h6 35. Be2 Ke7 36. Kf2 Rd7 37. Ke3 e5 38. Bf3 exf4+ 39. Kxf4+ Re6 40.
Rxe6+ Kxe6 41. Bd5+ Kf6 42. b4 g5+ 43. hxg5+ hxg5+ 44. Ke3 Ke5 0-1

[Event "IX American Continental Classical Championship 201"]
[Site "Hotel Pipa AtlÃ¢ntico - Praia da Pipa - Rio Grande"]
[Date "2014.10.22"]
[Round "7"]
[Board "29"]
[White "Pichot, Alan"]
[Black "Abdalla, Jose Lucas Aurelli"]
[Result "1-0"]
[WhiteElo "2473"]
[BlackElo "2100"]
[PlyCount "43"]
[EventDate "2014.10.18"]
[EventRounds "11"]
[EventCountry "BRA"]

1. e4 c5 2. Nf3 g6 3. d4 cxd4 4. Nxd4 Nc6 5. Nc3 Bg7 6. Be3 Nf6 7. Be2 O-O 8.
f4 d6 9. Nb3 a5 10. a4 Be6 11. g4 Nd7 12. h4 Nb4 13. Nd4 Nc5 14. f5 Bd7 15. h5
g5 16. h6 Bf6 17. Rh5 e6 18. Qd2 exf5 19. exf5 Qe8 20. O-O-O Nxa4 21. Bxg5 Nxc3
22. bxc3 1-0

[Event "IX American Continental Classical Championship 201"]
[Site "Hotel Pipa AtlÃ¢ntico - Praia da Pipa - Rio Grande"]
[Date "2014.10.22"]
[Round "7"]
[Board "30"]
[White "Rezende, Guilherme Vilela"]
[Black "Teixeira, Ricardo Da Silva"]
[Result "1/2-1/2"]
[WhiteElo "2110"]
[BlackElo "2220"]
[PlyCount "87"]
[EventDate "2014.10.18"]
[EventRounds "11"]
[EventCountry "BRA"]

1. d4 e6 2. Nf3 f5 3. Bf4 Nf6 4. e3 b6 5. Bd3 Bb7 6. Qe2 Bd6 7. Nbd2 Bxf4 8.
exf4 O-O 9. O-O c5 10. c3 Nc6 11. dxc5 bxc5 12. Nb3 Qb6 13. Ne5 Nxe5 14. Qxe5
c4 15. Bxc4 Qc6 16. Bxe6+ dxe6 17. f3 Qb6+ 18. Kh1 Bd5 19. Rfe1 Rfe8 20. h3 Qb8
21. Qd4 Qb6 22. Qe5 a5 23. Qd4 Qxd4 24. Nxd4 Kf7 25. b3 Rad8 26. Kh2 Bb7 27.
Rad1 Nd5 28. Ne2 Ba6 29. c4 Ne3 30. Rxd8 Rxd8 31. Nc3 Nc2 32. Re5 Rd3 33. Na4
Rd2 34. Rxa5 Bxc4 35. bxc4 Ne3 36. Ra7+ Kf6 37. Nb6 Rxg2+ 38. Kh1 Rc2 39. c5
Kg6 40. Nd7 Kh5 41. Ne5 Kh4 42. Rxg7 Kxh3 43. Rxh7+ Kg3 44. Rg7+ 1/2-1/2

[Event "IX American Continental Classical Championship 201"]
[Site "Hotel Pipa AtlÃ¢ntico - Praia da Pipa - Rio Grande"]
[Date "2014.10.22"]
[Round "7"]
[Board "31"]
[White "Sega, Carlos Alberto"]
[Black "Manzi, Luiz Antonio Bardaro"]
[Result "1-0"]
[WhiteElo "2218"]
[BlackElo "2092"]
[PlyCount "113"]
[EventDate "2014.10.18"]
[EventRounds "11"]
[EventCountry "BRA"]

1. c4 Nf6 2. g3 g6 3. Bg2 Bg7 4. Nc3 c5 5. d3 Nc6 6. e4 d6 7. Nge2 O-O 8. O-O
Ne8 9. Be3 Nd4 10. Rb1 Bg4 11. f3 Bd7 12. Qd2 Nc7 13. b4 Rb8 14. f4 b6 15. b5
e6 16. Bf2 Nxe2+ 17. Nxe2 d5 18. e5 Bc8 19. Rfd1 d4 20. a4 Bb7 21. a5 Bxg2 22.
Kxg2 f6 23. axb6 axb6 24. exf6 Qxf6 25. g4 g5 26. Bg3 gxf4 27. Qxf4 Qxf4 28.
Nxf4 e5 29. Nh5 Bh8 30. Re1 Ra8 31. Ra1 Rxa1 32. Rxa1 Ra8 33. Rxa8+ Nxa8 34.
Kf3 Kf7 35. Ke4 Ke6 36. Bh4 Nc7 37. Bd8 Ne8 38. Bxb6 Nd6+ 39. Kf3 e4+ 40. Ke2
exd3+ 41. Kxd3 Nb7 42. Ng3 Be5 43. Ne4 Bd6 44. Nxd6 Kxd6 45. Ke4 Ke6 46. h4
Nd6+ 47. Kd3 Nb7 48. Bc7 Kd7 49. Bf4 Na5 50. h5 Ke6 51. g5 Kf7 52. b6 Ke6 53.
Ke4 Nb7 54. Be5 Nd8 55. g6 hxg6 56. h6 Nf7 57. b7 1-0

[Event "IX American Continental Classical Championship 201"]
[Site "Hotel Pipa AtlÃ¢ntico - Praia da Pipa - Rio Grande"]
[Date "2014.10.22"]
[Round "7"]
[Board "32"]
[White "Araujo, Jose Roberto"]
[Black "Macedo, Maximo Valerio"]
[Result "0-1"]
[WhiteElo "2205"]
[BlackElo "2085"]
[PlyCount "96"]
[EventDate "2014.10.18"]
[EventRounds "11"]
[EventCountry "BRA"]

1. d4 f5 2. Nf3 Nf6 3. g3 g6 4. Bg2 Bg7 5. c4 O-O 6. O-O d6 7. Nc3 c6 8. Qc2
Qe8 9. e4 e5 10. dxe5 dxe5 11. b3 Nh5 12. Ba3 Rf6 13. exf5 gxf5 14. Rae1 e4 15.
Ng5 Qg6 16. Ncxe4 fxe4 17. Bxe4 Bf5 18. Bxf5 Rxf5 19. Qxf5 Qxf5 20. Re8+ Bf8
21. Rxf8+ Qxf8 22. Bxf8 Nd7 23. Bb4 a5 24. Bd6 Re8 25. Bc7 a4 26. Rd1 axb3 27.
axb3 Nc5 28. b4 Ne6 29. Nxe6 Rxe6 30. Bb6 Nf6 31. Rd4 Kf7 32. Kg2 Kg6 33. Kf3
h5 34. h3 Nh7 35. h4 Nf6 36. Bc5 Ng4 37. Bd6 Re1 38. Bf4 Rb1 39. c5 Kf5 40. Be3
Rb3 41. Ke2 Ke6 42. Kd2 Nf6 43. Kc2 Ra3 44. Kb2 Ra8 45. Kb3 Nd5 46. Bd2 Ra1 47.
Rd3 Ra8 48. Rf3 Ra1 {resto ilegÃ­vel} 0-1